Bioreaction engineering principles

Guardat en:
Dades bibliogràfiques
Autors principals: Villadsen, John (Autor), Nielsen, Jens (Autor), Lidén, Gunnar (Autor)
Format: Llibre
Idioma:anglès
Publicat: Nueva York Springer 2011
Edició:3a. ed
Matèries:
Etiquetes: Afegir etiqueta
Sense etiquetes, Sigues el primer a etiquetar aquest registre!

MARC

LEADER 00000cam a2200000 a 4500
001 UCE5984
003 CL-VaPUC
008 150319e20110000us |||||||||||||||||eng|d
020 |a 9781441996879 
082 0 4 |a 660.6  |b VIL  |2 21 
100 0 |a Villadsen, John  |e author  |9 578652 
700 |a Nielsen, Jens  |e author  |9 578653 
700 0 |a Lidén, Gunnar  |e author  |9 578654 
245 1 0 |a Bioreaction engineering principles 
250 |a 3a. ed 
300 |a 561 p 
942 |c BK 
945 |d 20150319 12:57:00  |a dcastane 
260 |a Nueva York  |b Springer  |c 2011 
650 7 |a BIOREACTORES  |2 CL-VaPUC  |9 358346 
650 0 |a Células   |9 269548 
650 0 |a Microbiología   |9 259706 
650 7 |a TRANSFERENCIA DE MASAS  |2 CL-VaPUC  |9 358347 
650 7 |a BIOSINTESIS  |2 CL-VaPUC  |9 269567 
650 0 |a Gases  |9 260945 
583 |a last modification  |c 20150319 12:57:00  |k Rodrigo Vera 
999 |c 358491  |d 358489 
952 |0 0  |1 0  |3 erd  |4 0  |6 660_600000000000000_VIL_2011  |7 0  |8 A  |9 467221  |a BIBING  |b BIBING  |i 5141362  |l 1  |m 1  |o 660.6 VIL 2011  |p 5141362  |r 2025-01-20  |s 2024-08-05  |w 2019-11-23  |y BK  |z Catalogado en:20150319  |k EIB